[Event "FIDE World Uni Rapid-D 1st"]
[Site "Tornelo INT"]
[Date "2021.03.20"]
[Round "5"]
[White "Kablar, Dorian"]
[Black "Palmero Martinez, Rachel"]
[Result "0-1"]
[WhiteElo "1515"]
[BlackElo "2099"]
[PlyCount "84"]
[EventDate "2021.03.20"]
[EventType "swiss (rapid)"]
[EventRounds "12"]
[EventCountry "NET"]
[SourceTitle "EXT 2022"]
[Source "ChessBase"]
[SourceDate "2021.10.06"]
[SourceVersion "1"]
[SourceVersionDate "2021.10.06"]
[SourceQuality "1"]

1. e4 e5 2. Nf3 Nc6 3. Bc4 Bc5 4. Nc3 Nf6 5. d3 d6 6. h3 h6 7. Be3 Bb6 8. 0-0 0-0 9. Re1 Be6 10. Bb3 Ne7 11. d4 Ng6 12. d5 Bd7 13. Bxb6 axb6 14. Qd2 Nf4 15. Kh2 N6h5 16. Ne2 Qf6 17. Nxf4 Nxf4 18. Bc4 Nxh3 19. gxh3 Qxf3 20. Re3 Qf4+ 21. Kg2 f5 22. Qe2 fxe4 23. Rxe4 Qg5+ 24. Kh2 Qf5 25. Rf1 Qxh3+ 26. Kg1 Rf5 27. Rg4 Rh5 28. f3 Bxg4 29. fxg4 Qh1+ 30. Kf2 Rh2+ 31. Kg3 Rh3+ 32. Kf2 Rf8+ 33. Ke1 Rxf1+ 34. Qxf1 Qe4+ 35. Qe2 Rh1+ 36. Kd2 Qxe2+ 37. Bxe2 Kf7 38. Kd3 Kf6 39. Ke3 Kg5 40. c4 Rg1 41. Kf2 Rxg4 42. Bxg4 Kxg4 0-1

[Event "FIDE World Uni Blitz-D 1st"]
[Site "Tornelo INT"]
[Date "2021.03.13"]
[Round "8.38"]
[White "Gabitova, Dilyara"]
[Black "Palmero Martinez, Rachel"]
[Result "1-0"]
[WhiteElo "1671"]
[BlackElo "2099"]
[PlyCount "117"]
[EventDate "2021.03.13"]
[EventType "swiss (blitz)"]
[EventRounds "10"]
[EventCountry "NET"]
[SourceTitle "EXT 2022"]
[Source "ChessBase"]
[SourceDate "2021.10.06"]
[SourceVersion "1"]
[SourceVersionDate "2021.10.06"]
[SourceQuality "1"]

1. e4 e5 2. Nf3 Nc6 3. d4 exd4 4. Nxd4 Nf6 5. Nxc6 bxc6 6. Qe2 Qe7 7. e5 Nd5 8. c4 Nb6 9. g3 Qe6 10. b3 Bb4+ 11. Bd2 Bxd2+ 12. Nxd2 0-0 13. Bg2 Re8 14. Nf3 d5 15. 0-0 dxc4 16. Nd4 Qxe5 17. Qxe5 Rxe5 18. Nxc6 Re8 19. Na5 Rb8 20. bxc4 Ba6 21. Rfc1 c5 22. Bc6 Re2 23. Bb5 Bb7 24. Nc6 Bxc6 25. Bxc6 Rd8 26. Re1 Rxe1+ 27. Rxe1 g6 28. Bb5 Rd2 29. a4 Ra2 30. Re8+ Kg7 31. Re7 Nxa4 32. Rxa7 Nc3 33. Rxa2 Nxa2 34. Kf1 Kf6 35. f4 Kf5 36. Kf2 Ke4 37. Bc6+ Kd4 38. Bd5 Nb4 39. Bxf7 Nd3+ 40. Kf3 Nb2 41. Bg8 Nxc4 42. Bxh7 Nd2+ 43. Ke2 c4 44. Kxd2 c3+ 45. Kc2 Ke4 46. Bxg6+ Kf3 47. f5 Kg2 48. f6 Kxh2 49. f7 Kxg3 50. f8Q Kg4 51. Bd3 Kg5 52. Kxc3 Kg4 53. Kd4 Kg5 54. Ke5 Kg4 55. Qf5+ Kg3 56. Qf4+ Kg2 57. Ke4 Kh3 58. Qg5 Kh2 59. Kf3 1-0

[Event "FISU World University"]
[Site "Tornelo INT"]
[Date "2020.10.26"]
[Round "2.3"]
[White "Palmero Martinez, Rachel"]
[Black "Ramos Donaire, Maria Pradi"]
[Result "1-0"]
[WhiteElo "2099"]
[BlackElo "1558"]
[PlyCount "128"]
[EventDate "2020.10.26"]
[EventType "team-swiss (rapid)"]
[EventRounds "9"]
[EventCountry "NET"]
[SourceTitle "CBM 199 Extra"]
[Source "ChessBase"]
[SourceDate "2021.01.31"]
[SourceVersion "1"]
[SourceVersionDate "2021.01.31"]
[SourceQuality "1"]
[WhiteTeam "Cuba"]
[BlackTeam "Honduras"]
[WhiteTeamCountry "CUB"]
[BlackTeamCountry "HON"]

1. e4 e6 2. d4 d5 3. Nc3 Bb4 4. e5 c5 5. a3 Bxc3+ 6. bxc3 Ne7 7. Qg4 Nf5 8. Bd3 g6 9. Ne2 Nc6 10. Bg5 Qa5 11. 0-0 Bd7 12. Bf6 Rg8 13. Bxf5 exf5 14. Qh4 h5 15. Qf4 Nd8 16. e6 Bxe6 17. Qd6 Nc6 18. Nf4 Rd8 19. Bxd8 Qxd8 20. Qxc5 Qc7 21. Nd3 b6 22. Qb5 Kd8 23. Nb4 Ne7 24. Qd3 f4 25. Qd2 h4 26. Nd3 Nf5 27. Qxf4 Qxf4 28. Nxf4 g5 29. Nxe6+ fxe6 30. Rfe1 Kd7 31. a4 g4 32. a5 g3 33. fxg3 hxg3 34. h3 Rc8 35. axb6 axb6 36. Ra7+ Kd6 37. Ra3 Rc7 38. Rb3 Rc6 39. Kf1 Nh4 40. Re5 Kd7 41. Rh5 Nf5 42. Rh7+ Kd6 43. Ke2 Ne7 44. Kf3 Ng8 45. Kxg3 Nf6 46. Rb7 Ne4+ 47. Kf4 Nxc3 48. R7xb6 Ne2+ 49. Ke3 Ng3 50. Rxc6+ Kxc6 51. Kf3 Nf5 52. Rd3 Kd7 53. g4 Nd6 54. Kf4 Ke7 55. Kg5 Ne4+ 56. Kh6 Kf7 57. Re3 Kg8 58. g5 Kf7 59. h4 Nd6 60. Rf3+ Kg8 61. g6 Nf5+ 62. Rxf5 exf5 63. Kg5 Kg7 64. Kxf5 Kg8 1-0

[Event "Speed Chess (Women) Q1"]
[Site "Chess.com INT"]
[Date "2020.06.18"]
[Round "8"]
[White "Kiolbasa, Oliwia"]
[Black "Palmero Martinez, Rachel"]
[Result "1-0"]
[WhiteElo "2160"]
[BlackElo "2099"]
[PlyCount "97"]
[EventDate "2020.06.18"]
[EventType "swiss (blitz)"]
[EventRounds "9"]
[EventCountry "USA"]
[SourceTitle "CBM 196 Extra"]
[Source "ChessBase"]
[SourceDate "2020.07.31"]
[SourceVersion "1"]
[SourceVersionDate "2020.07.31"]
[SourceQuality "1"]

1. e4 e5 2. Nf3 Nc6 3. Bb5 a6 4. Ba4 Nf6 5. 0-0 Be7 6. Re1 b5 7. Bb3 0-0 8. h3 Bb7 9. d3 d5 10. exd5 Nxd5 11. Nxe5 Nxe5 12. Rxe5 Bf6 13. Re1 Qd6 14. Nd2 Nf4 15. Ne4 Bxe4 16. Rxe4 Ng6 17. a4 Rae8 18. Qe2 Qc6 19. axb5 axb5 20. c3 h6 21. Bd2 Re7 22. Rxe7 Nxe7 23. Qe4 Qd6 24. Bf4 Qd7 25. Ra7 Rd8 26. d4 Rc8 27. Bc2 Ng6 28. Bg3 b4 29. Qf5 Qd8 30. Bb3 Ne7 31. Qc5 bxc3 32. bxc3 Ra8 33. Qxc7 Qf8 34. Rxa8 Qxa8 35. Qb8+ Qxb8 36. Bxb8 Nf5 37. Kf1 Kf8 38. Bc2 Ne7 39. Ke2 Nd5 40. Bd6+ Ke8 41. Kd3 Kd7 42. Bg3 Kc6 43. Bb3 Bg5 44. Bxd5+ Kxd5 45. c4+ Kc6 46. Ke4 Bc1 47. Be5 g6 48. Bg7 h5 49. Ke5 1-0

[Event "Speed Chess (Women) Q1"]
[Site "Chess.com INT"]
[Date "2020.06.18"]
[Round "3"]
[White "Muminova, Nafisa"]
[Black "Palmero Martinez, Rachel"]
[Result "1-0"]
[WhiteElo "2274"]
[BlackElo "2099"]
[PlyCount "117"]
[EventDate "2020.06.18"]
[EventType "swiss (blitz)"]
[EventRounds "9"]
[EventCountry "USA"]
[SourceTitle "CBM 196 Extra"]
[Source "ChessBase"]
[SourceDate "2020.07.31"]
[SourceVersion "1"]
[SourceVersionDate "2020.07.31"]
[SourceQuality "1"]

1. d4 Nf6 2. Nc3 d5 3. Bf4 g6 4. Qd2 Bg7 5. 0-0-0 0-0 6. f3 c6 7. h4 b5 8. h5 Nxh5 9. Bh6 e5 10. Bxg7 Kxg7 11. dxe5 Rh8 12. g4 Ng3 13. Qh6+ Kg8 14. Rh3 Nxf1 15. Rxf1 Nd7 16. f4 b4 17. Nd1 Qf8 18. Qh4 Qc5 19. Nf3 Qa5 20. Kb1 Nc5 21. Nd4 Ne4 22. Nb3 Qc7 23. Rfh1 a5 24. Ne3 a4 25. Nd4 b3 26. cxb3 axb3 27. Nxb3 Qa7 28. a3 Ba6 29. Qe1 Qb7 30. Nf5 Rb8 31. Nd6 Qb6 32. Nxe4 dxe4 33. Rc3 c5 34. Rhh3 c4 35. Qc1 cxb3 36. f5 Bxe2 37. Rc8+ Rxc8 38. Qxc8+ Kg7 39. f6+ Qxf6 40. exf6+ Kxf6 41. Qxh8+ Kg5 42. Qxh7 Kxg4 43. Qh4+ Kf5 44. Re3 Bd3+ 45. Kc1 Ke5 46. Qg3+ Ke6 47. Kd2 f5 48. Qf4 Kf6 49. Rxd3 exd3 50. Kxd3 g5 51. Qd6+ Kg7 52. a4 f4 53. Ke4 f3 54. Kxf3 g4+ 55. Kxg4 Kf7 56. Kf5 Ke8 57. Qc7 Kf8 58. Kf6 Kg8 59. Qg7# 1-0

[Event "Speed Chess (Women) Q1"]
[Site "Chess.com INT"]
[Date "2020.06.18"]
[Round "5"]
[White "Palmero Martinez, Rachel"]
[Black "Benmesbah, Natacha"]
[Result "0-1"]
[WhiteElo "2099"]
[BlackElo "2223"]
[PlyCount "78"]
[EventDate "2020.06.18"]
[EventType "swiss (blitz)"]
[EventRounds "9"]
[EventCountry "USA"]
[SourceTitle "CBM 196 Extra"]
[Source "ChessBase"]
[SourceDate "2020.07.31"]
[SourceVersion "1"]
[SourceVersionDate "2020.07.31"]
[SourceQuality "1"]

1. e4 c5 2. Nf3 Nc6 3. d4 cxd4 4. Nxd4 Nf6 5. Nc3 e5 6. Ndb5 d6 7. Bg5 a6 8. Na3 Be6 9. Nd5 Bxd5 10. Bxf6 Qxf6 11. Qxd5 Be7 12. Bc4 0-0 13. 0-0 Rac8 14. c3 b5 15. Bb3 Qg6 16. Rad1 Na5 17. Nc2 Rc5 18. Qd3 Nc4 19. Bxc4 bxc4 20. Qe2 a5 21. f3 Bg5 22. a3 Qh6 23. a4 Rb8 24. Na3 Be3+ 25. Kh1 Bf4 26. h3 Qg5 27. Qe1 Rxb2 28. Rg1 Rc8 29. Rxd6 Be3 30. Nxc4 Bxg1 31. Nxb2 Be3 32. Nc4 Bf4 33. Qd1 h5 34. Nxa5 g6 35. Kg1 Rxc3 36. Rd8+ Kg7 37. Rd7 Rc1 38. Kf2 Qg3+ 39. Ke2 Qxg2+ 0-1

[Event "Speed Chess (Women) Q1"]
[Site "Chess.com INT"]
[Date "2020.06.18"]
[Round "2"]
[White "Palmero Martinez, Rachel"]
[Black "Borisova, Ekaterina"]
[Result "0-1"]
[WhiteElo "2099"]
[BlackElo "2283"]
[PlyCount "82"]
[EventDate "2020.06.18"]
[EventType "swiss (blitz)"]
[EventRounds "9"]
[EventCountry "USA"]
[SourceTitle "CBM 196 Extra"]
[Source "ChessBase"]
[SourceDate "2020.07.31"]
[SourceVersion "1"]
[SourceVersionDate "2020.07.31"]
[SourceQuality "1"]

1. e4 d6 2. d4 Nf6 3. Nc3 e5 4. Nf3 Nbd7 5. Bc4 Be7 6. 0-0 0-0 7. h3 c6 8. a4 a5 9. Re1 Nb6 10. Ba2 Nfd7 11. Be3 exd4 12. Nxd4 Nc5 13. Qd2 Nbxa4 14. Nxa4 Nxa4 15. Bxf7+ Rxf7 16. Rxa4 Bd7 17. Ra2 c5 18. Nf3 Be6 19. Raa1 h6 20. Nh2 d5 21. exd5 Bxd5 22. Red1 Be4 23. Qe2 Qc7 24. Bxh6 Qc6 25. f3 Bg6 26. Bd2 Bf6 27. Rxa5 Re8 28. Qc4 Bd4+ 29. Kh1 b6 30. Raa1 b5 31. Qa2 Bxc2 32. Re1 c4 33. Rxe8+ Qxe8 34. Qa8 Qxa8 35. Rxa8+ Kh7 36. Rb8 Ba4 37. Ng4 Bxb2 38. Ne3 c3 39. Bxc3 Bxc3 40. Nd5 Be5 41. Nb6 Bxb8 0-1

[Event "Portela Memorial tt"]
[Site "Havana"]
[Date "2018.07.17"]
[Round "2.3"]
[White "Palmero Martinez, Rachel"]
[Black "Gonzalez Porro, Armando Andres"]
[Result "1-0"]
[WhiteElo "2021"]
[BlackElo "2071"]
[PlyCount "61"]
[EventDate "2018.07.16"]
[EventType "team-tourn"]
[EventRounds "9"]
[EventCountry "CUB"]
[SourceTitle "EXT 2021"]
[Source "ChessBase"]
[SourceDate "2020.10.23"]
[SourceVersion "1"]
[SourceVersionDate "2020.10.23"]
[SourceQuality "1"]

1. e4 c5 2. Nf3 e6 3. d4 cxd4 4. Nxd4 Nc6 5. Be3 Nf6 6. Nc3 Bb4 7. f3 d5 8. Nxc6 bxc6 9. e5 Nd7 10. f4 c5 11. Bd2 Bxc3 12. Bxc3 d4 13. Bd2 Rb8 14. Qg4 g6 15. b3 h5 16. Qh3 Bb7 17. Bd3 Qe7 18. Rg1 Bd5 19. g4 Kd8 20. Be2 Be4 21. gxh5 Bf5 22. Qg3 gxh5 23. Bd3 h4 24. Qf3 Bxd3 25. cxd3 Nb6 26. f5 Kd7 27. Rg7 exf5 28. Qxf5+ Ke8 29. 0-0-0 c4 30. Bb4 Qd7 31. e6 1-0

[Event "Portela Memorial tt"]
[Site "Havana"]
[Date "2018.07.16"]
[Round "1.3"]
[White "Otero Marino, Vladimir"]
[Black "Palmero Martinez, Rachel"]
[Result "1/2-1/2"]
[WhiteElo "1934"]
[BlackElo "2021"]
[PlyCount "87"]
[EventDate "2018.07.16"]
[EventType "team-tourn"]
[EventRounds "9"]
[EventCountry "CUB"]
[SourceTitle "EXT 2021"]
[Source "ChessBase"]
[SourceDate "2020.10.23"]
[SourceVersion "1"]
[SourceVersionDate "2020.10.23"]
[SourceQuality "1"]

1. e4 e5 2. Nf3 Nc6 3. Bb5 f5 4. d3 Nf6 5. 0-0 Bc5 6. exf5 0-0 7. Be3 Nd4 8. c3 Nxb5 9. Bxc5 d6 10. Be3 c6 11. a4 Nc7 12. Nh4 Ncd5 13. Qf3 Nxe3 14. fxe3 Nd5 15. g3 Qb6 16. d4 Qxb2 17. Ra3 exd4 18. cxd4 Bd7 19. Rd3 Qc2 20. e4 Nb4 21. Rb3 c5 22. Na3 Qd2 23. Rd1 Qg5 24. dxc5 Bxa4 25. Rxd6 Qc1+ 26. Kg2 Nc2 27. Rc3 Ne1+ 28. Kf2 Nxf3 29. Rxc1 Nxh2 30. Nc4 Rfe8 31. Rd4 Bc6 32. Re1 Ng4+ 33. Kf3 Ne5+ 34. Kf4 Nxc4 35. Rxc4 Bb5 36. Rcc1 Rac8 37. Ng2 Rc6 38. Ne3 Rec8 39. Nd5 Kf8 40. Rh1 h6 41. f6 Rxc5 42. Rb1 Ba6 43. Ne7 g5+ 44. Kg4 1/2-1/2

[Event "Guillermo Garcia Memorial op 27th"]
[Site "Santa Clara"]
[Date "2018.05.30"]
[Round "8"]
[White "Lavigne Lopez, Raul Leonardo"]
[Black "Palmero Martinez, Rachel"]
[Result "1/2-1/2"]
[WhiteElo "2144"]
[BlackElo "2080"]
[PlyCount "160"]
[EventDate "2018.05.22"]
[EventType "swiss"]
[EventRounds "9"]
[EventCountry "CUB"]
[SourceTitle "CBM 184 Extra"]
[Source "ChessBase"]
[SourceDate "2018.06.28"]
[SourceVersion "1"]
[SourceVersionDate "2018.06.28"]
[SourceQuality "1"]

1. d4 Nf6 2. c4 g6 3. Nc3 Bg7 4. e4 d6 5. f4 0-0 6. Nf3 Na6 7. Bd3 e5 8. fxe5 dxe5 9. d5 Nc5 10. b4 Nxd3+ 11. Qxd3 Nxe4 12. Nxe4 f5 13. Bg5 fxe4 14. Qxe4 Qe8 15. 0-0 Bf5 16. Qe3 Qa4 17. a3 Qc2 18. Rac1 Qd3 19. Rfd1 Qxe3+ 20. Bxe3 Bg4 21. Rf1 a5 22. b5 b6 23. c5 Rfd8 24. cxb6 cxb6 25. Rc6 Rxd5 26. a4 e4 27. Ng5 Rd3 28. Bxb6 e3 29. Re1 Bc3 30. Rxe3 Rd1+ 31. Kf2 Bd2 32. Re4 Bd7 33. Ke2 Bxc6 34. Kxd1 Bxe4 35. Nxe4 Bb4 36. Bc7 Ra7 37. b6 Rb7 38. Kc2 Kf7 39. Kd3 Ke6 40. Kc4 Kd7 41. Kb5 h6 42. Nf6+ Kc8 43. Nd5 Bd2 44. Ne7+ Kd7 45. Nxg6 Rxc7 46. bxc7 Kxc7 47. Ne7 h5 48. Nf5 Kd7 49. Ng7 h4 50. Nf5 Be1 51. Nxh4 Bxh4 52. Kxa5 Kc7 53. Kb5 Kb7 54. g3 Bf6 55. Kc5 Be5 56. Kd5 Bc7 57. Ke6 Kc6 58. Kf5 Kd5 59. Kg4 Ke6 60. h4 Kf6 61. Kf3 Kg6 62. g4 Ba5 63. Ke2 Bc7 64. Kf3 Ba5 65. Kf4 Bd2+ 66. Ke4 Be1 67. h5+ Kg5 68. Kd4 Bd2 69. Kd3 Ba5 70. Kc4 Bd2 71. Kd3 Ba5 72. Kc2 Bb4 73. Kb3 Bd2 74. Kc4 Kxg4 75. Kd3 Bf4 76. Ke4 Bd2 77. h6 Bxh6 78. a5 Bf8 79. Kd5 Bh6 80. Kd4 Kf3 1/2-1/2

[Event "Guillermo Garcia Memorial op 27th"]
[Site "Santa Clara"]
[Date "2018.05.28"]
[Round "6"]
[White "Charon Mustelier, Manuel"]
[Black "Palmero Martinez, Rachel"]
[Result "1-0"]
[WhiteElo "2166"]
[BlackElo "2080"]
[PlyCount "97"]
[EventDate "2018.05.22"]
[EventType "swiss"]
[EventRounds "9"]
[EventCountry "CUB"]
[SourceTitle "CBM 184 Extra"]
[Source "ChessBase"]
[SourceDate "2018.06.28"]
[SourceVersion "1"]
[SourceVersionDate "2018.06.28"]
[SourceQuality "1"]

1. c4 Nf6 2. Nc3 g6 3. e4 d6 4. d4 Bg7 5. Nf3 0-0 6. Be2 e5 7. 0-0 Nc6 8. Be3 Ng4 9. Bg5 f6 10. Bc1 Ne7 11. h3 Nh6 12. Be3 Nf7 13. Qd2 f5 14. dxe5 fxe4 15. Nxe4 Nxe5 16. Nxe5 dxe5 17. Qxd8 Rxd8 18. Bg5 Re8 19. Rad1 Nf5 20. Rfe1 Nd4 21. Bf1 Kf7 22. Bd2 Nc2 23. Re2 Nd4 24. Ree1 Nc2 25. Re2 Nd4 26. Re3 Bh6 27. Rd3 Bxd2 28. R3xd2 Bf5 29. Bd3 Kg7 30. Kf1 a5 31. Re1 Rad8 32. Red1 b6 33. Ng3 Bc8 34. Be4 Ba6 35. b3 a4 36. Ke1 Rb8 37. Ne2 c5 38. Nc3 axb3 39. axb3 Nxb3 40. Rd7+ Kh8 41. Nd5 Rf8 42. Ne3 Na5 43. Ra7 Bc8 44. h4 Be6 45. h5 Rf7 46. Rxf7 Bxf7 47. Bd5 Be8 48. h6 Ba4 49. Ra1 1-0

[Event "Guillermo Garcia Memorial op 27th"]
[Site "Santa Clara"]
[Date "2018.05.22"]
[Round "1"]
[White "Palmero Martinez, Rachel"]
[Black "Piedra Salabarria, Ernesto"]
[Result "0-1"]
[WhiteElo "2080"]
[BlackElo "2355"]
[PlyCount "70"]
[EventDate "2018.05.22"]
[EventType "swiss"]
[EventRounds "9"]
[EventCountry "CUB"]
[SourceTitle "CBM 184 Extra"]
[Source "ChessBase"]
[SourceDate "2018.06.28"]
[SourceVersion "1"]
[SourceVersionDate "2018.06.28"]
[SourceQuality "1"]

1. e4 g6 2. Nf3 Bg7 3. d3 d6 4. g3 Nc6 5. Bg2 e5 6. 0-0 Nge7 7. c3 0-0 8. Nbd2 Kh8 9. Nc4 f5 10. Re1 Be6 11. Ng5 Bg8 12. exf5 Nxf5 13. f4 exf4 14. Bxf4 d5 15. Nd2 h6 16. Ne6 Bxe6 17. Rxe6 g5 18. Qh5 gxf4 19. g4 Qh4 20. Qxh4 Nxh4 21. Bxd5 Ne5 22. Nc4 Nxg4 23. Bxb7 Rab8 24. Bc6 f3 25. Rf1 f2+ 26. Kh1 Nf3 27. Bxf3 Rxf3 28. Kg2 Rxd3 29. h3 Nf6 30. Rxf2 Nd5 31. Kh2 Rf8 32. Rxf8+ Bxf8 33. Ra6 Nf4 34. h4 Rh3+ 35. Kg1 Bc5+ 0-1

[Event "Capablanca Memorial op 53rd"]
[Site "Havana"]
[Date "2018.05.10"]
[Round "2"]
[White "Cruz de la Osa, Reider"]
[Black "Palmero Martinez, Rachel"]
[Result "0-1"]
[WhiteElo "2236"]
[BlackElo "2080"]
[PlyCount "70"]
[EventDate "2018.05.09"]
[EventType "swiss"]
[EventRounds "10"]
[EventCountry "CUB"]
[SourceTitle "EXT 2019"]
[Source "ChessBase"]
[SourceDate "2018.10.10"]
[SourceVersion "1"]
[SourceVersionDate "2018.10.10"]
[SourceQuality "1"]

1. d4 Nf6 2. Bg5 g6 3. Nc3 Bg7 4. Qd2 0-0 5. Bh6 d6 6. Bxg7 Kxg7 7. 0-0-0 Nbd7 8. e4 e5 9. d5 Nc5 10. f3 h5 11. g3 a6 12. Bg2 b5 13. Nce2 a5 14. h4 b4 15. g4 hxg4 16. Ng3 Nh5 17. N1e2 Rh8 18. Kb1 Bd7 19. Rdf1 Qe7 20. fxg4 Bxg4 21. Bf3 Bxf3 22. Rxf3 Nxg3 23. Nxg3 Rxh4 24. Rxh4 Qxh4 25. Qf2 Kg8 26. Rxf7 Nxe4 27. Nxe4 Qxe4 28. a4 Qh1+ 29. Qf1 Qxf1+ 30. Rxf1 Rf8 31. Rg1 Kg7 32. Ka2 Rf2 33. Kb3 Rd2 34. c4 bxc3 35. bxc3 Rxd5 0-1

[Event "Maria Teresa Mora Memorial Premier"]
[Site "Havana"]
[Date "2018.??.??"]
[Round "6"]
[White "Palmero Martinez, Rachel"]
[Black "De la Torre Rodriguez, Elizabeth"]
[Result "0-1"]
[WhiteElo "2118"]
[BlackElo "2087"]
[PlyCount "74"]
[EventDate "2018.03.08"]
[EventType "tourn"]
[EventRounds "9"]
[EventCountry "CUB"]
[SourceTitle "EXT 2021"]
[Source "ChessBase"]
[SourceDate "2020.10.23"]
[SourceVersion "1"]
[SourceVersionDate "2020.10.23"]
[SourceQuality "1"]

1. e4 c5 2. Nf3 d6 3. d4 cxd4 4. Nxd4 Nf6 5. Nc3 a6 6. f3 e5 7. Nb3 Be6 8. Be3 Be7 9. Qd2 0-0 10. 0-0-0 Qc7 11. g4 Rc8 12. g5 Nh5 13. Kb1 Nd7 14. Qf2 b5 15. h4 b4 16. Nd5 Bxd5 17. Rxd5 a5 18. Bh3 a4 19. Nc1 Rcb8 20. Bg4 Nf4 21. Bxf4 exf4 22. Bxd7 Qxd7 23. Qd2 Qc6 24. Qxf4 a3 25. b3 Qc3 26. Nd3 Rc8 27. Rc1 f6 28. Qf5 Ra7 29. Rxd6 Bxd6 30. Qd5+ Kh8 31. Qxd6 fxg5 32. hxg5 Rac7 33. e5 Rc6 34. Qd7 Qd2 35. e6 R6c7 36. Qd5 Rxc2 37. Rh1 Rc1+ 0-1

[Event "Maria Teresa Mora Memorial Premier"]
[Site "Havana"]
[Date "2018.??.??"]
[Round "9"]
[White "Palmero Martinez, Rachel"]
[Black "Hernandez Sotelo, Jose I"]
[Result "1/2-1/2"]
[WhiteElo "2118"]
[BlackElo "2163"]
[PlyCount "28"]
[EventDate "2018.03.08"]
[EventType "tourn"]
[EventRounds "9"]
[EventCountry "CUB"]
[SourceTitle "EXT 2021"]
[Source "ChessBase"]
[SourceDate "2020.10.23"]
[SourceVersion "1"]
[SourceVersionDate "2020.10.23"]
[SourceQuality "1"]

1. e4 e5 2. Nf3 Nf6 3. Nxe5 d6 4. Nf3 Nxe4 5. d4 d5 6. Bd3 Be7 7. 0-0 0-0 8. c4 c6 9. Nc3 Nxc3 10. bxc3 Nd7 11. Qc2 Nf6 12. cxd5 cxd5 13. Bf4 Bg4 14. Ne5 Bh5 1/2-1/2

[Event "Maria Teresa Mora Memorial Premier"]
[Site "Havana"]
[Date "2018.??.??"]
[Round "7"]
[White "Rodriguez Gutierrez, Brayans"]
[Black "Palmero Martinez, Rachel"]
[Result "1/2-1/2"]
[WhiteElo "2136"]
[BlackElo "2118"]
[PlyCount "104"]
[EventDate "2018.03.08"]
[EventType "tourn"]
[EventRounds "9"]
[EventCountry "CUB"]
[SourceTitle "EXT 2021"]
[Source "ChessBase"]
[SourceDate "2020.10.23"]
[SourceVersion "1"]
[SourceVersionDate "2020.10.23"]
[SourceQuality "1"]

1. d4 Nf6 2. c4 g6 3. g3 Bg7 4. Bg2 0-0 5. Nf3 d6 6. 0-0 a6 7. Nc3 Nc6 8. e4 Bd7 9. Re1 Rb8 10. Bf1 Bg4 11. Be3 e5 12. d5 Nd4 13. Bg2 Re8 14. h3 Nxf3+ 15. Bxf3 Bxh3 16. b4 Qd7 17. c5 Ng4 18. Bxg4 Qxg4 19. Qxg4 Bxg4 20. Kg2 Bd7 21. Rab1 f5 22. f3 f4 23. Bf2 fxg3 24. Be3 h5 25. a4 Kf7 26. b5 dxc5 27. Bxc5 h4 28. Be3 Bf6 29. Ne2 axb5 30. axb5 Rh8 31. Rec1 Bd8 32. Rh1 Kg7 33. f4 Ra8 34. Ra1 Rxa1 35. Rxa1 Bf6 36. Rc1 Rc8 37. Ng1 Bxb5 38. fxe5 Bxe5 39. Nf3 Bb2 40. Rb1 Bd3 41. Rxb2 Bxe4 42. Rb4 Bxd5 43. Rxh4 Ra8 44. Kxg3 Ra3 45. Kf4 Bxf3 46. Kxf3 Kf6 47. Rh7 Rc3 48. Ke4 Rc4+ 49. Kd3 b5 50. Bd4+ Kf5 51. Rf7+ Ke6 52. Rg7 Kf5 1/2-1/2

[Event "Guillermo Garcia Memorial op 26th"]
[Site "Santa Clara"]
[Date "2017.05.25"]
[Round "9"]
[White "De la Fe Almeida, Enmanuel Jesus"]
[Black "Palmero Martinez, Rachel"]
[Result "0-1"]
[WhiteElo "2289"]
[BlackElo "2040"]
[PlyCount "85"]
[EventDate "2017.05.16"]
[EventType "swiss"]
[EventRounds "9"]
[EventCountry "CUB"]
[SourceTitle "CBM 178 Extra"]
[Source "ChessBase"]
[SourceDate "2017.06.22"]
[SourceVersion "1"]
[SourceVersionDate "2017.06.22"]
[SourceQuality "1"]

1. Nf3 Nf6 2. c4 g6 3. Nc3 Bg7 4. e4 d6 5. d4 0-0 6. Be2 e5 7. 0-0 Nc6 8. d5 Ne7 9. b4 a5 10. bxa5 Rxa5 11. Nd2 Ne8 12. a4 f5 13. Nb3 Ra8 14. f3 f4 15. c5 g5 16. cxd6 cxd6 17. a5 Ng6 18. Na4 h5 19. Nb6 Rb8 20. Ra2 Nf6 21. Rc2 g4 22. Ba3 gxf3 23. gxf3 Bh3 24. Rf2 Nh7 25. Bf1 Ng5 26. Kh1 Nh4 27. Bxh3 Nxh3 28. Rf1 Rf6 29. Bb4 Rg6 30. Be1 Bf6 31. Bxh4 Bxh4 32. Rg2 Qe8 33. Nd2 Kh8 34. Qa4 Qg8 35. Qd7 Rxg2 36. Qxh3 Rxd2 37. Nc4 Rc2 38. Nxd6 Qg6 39. Nf5 Bf2 40. Ne7 Qg5 41. d6 Bc5 42. Rb1 Rd8 43. Nf5 0-1

[Event "Guillermo Garcia Memorial op 26th"]
[Site "Santa Clara"]
[Date "2017.05.20"]
[Round "5"]
[White "Garcia Garcia, Alejandro"]
[Black "Palmero Martinez, Rachel"]
[Result "1-0"]
[WhiteElo "2231"]
[BlackElo "2040"]
[PlyCount "62"]
[EventDate "2017.05.16"]
[EventType "swiss"]
[EventRounds "9"]
[EventCountry "CUB"]
[SourceTitle "CBM 178 Extra"]
[Source "ChessBase"]
[SourceDate "2017.06.22"]
[SourceVersion "1"]
[SourceVersionDate "2017.06.22"]
[SourceQuality "1"]

1. c4 Nf6 2. Nf3 g6 3. g3 Bg7 4. Bg2 0-0 5. 0-0 d6 6. Nc3 Nc6 7. Rb1 a5 8. a3 e5 9. b4 axb4 10. axb4 Nh5 11. d3 h6 12. b5 Ne7 13. Bb2 f5 14. Qb3 Kh7 15. Ra1 Be6 16. Nd2 Rxa1 17. Rxa1 f4 18. Bxb7 fxg3 19. hxg3 Qd7 20. Ra8 Rxa8 21. Bxa8 Bh3 22. Bf3 Nf5 23. Nce4 Qe7 24. Kh2 Qe6 25. b6 cxb6 26. Qxb6 Nh4 27. Qxd6 Qf5 28. Bxh5 gxh5 29. gxh4 Qg4 30. Ng3 Qxh4 31. Nf3 Qf4 1-0

[Event "Capablanca Memorial op 51st"]
[Site "Varadero"]
[Date "2016.06.10"]
[Round "2"]
[White "Palmero Martinez, Rachel"]
[Black "Real Pereyra, Jeronimo"]
[Result "1-0"]
[WhiteElo "2113"]
[BlackElo "1978"]
[PlyCount "119"]
[EventDate "2016.06.09"]
[EventType "swiss"]
[EventRounds "10"]
[EventCountry "CUB"]
[SourceTitle "EXT 2017"]
[Source "ChessBase"]
[SourceDate "2016.10.25"]
[SourceVersion "1"]
[SourceVersionDate "2016.10.25"]
[SourceQuality "1"]

1. e4 c5 2. Nf3 d6 3. d4 cxd4 4. Nxd4 Nf6 5. Nc3 Nc6 6. f3 e5 7. Nb3 Be7 8. Be3 0-0 9. Qd2 a5 10. a4 Be6 11. Rd1 Nb4 12. Be2 d5 13. exd5 Nfxd5 14. Nxd5 Bxd5 15. 0-0 Rc8 16. c4 Bxc4 17. Qxd8 Rfxd8 18. Bxc4 Rxc4 19. Nxa5 Rc2 20. Rxd8+ Bxd8 21. Nxb7 Bc7 22. b3 Rc3 23. Rc1 Rxe3 24. Rxc7 h6 25. Nc5 Rc3 26. Rb7 Nd5 27. Nd7 f6 28. a5 Rc1+ 29. Kf2 Ra1 30. b4 Ra2+ 31. Ke1 Ra1+ 32. Kd2 Nxb4 33. Rxb4 Rxa5 34. Ke1 Ra7 35. Rb8+ Kh7 36. Nf8+ Kg8 37. Ne6+ Kh7 38. Rc8 Ra6 39. Nc5 Ra7 40. Kf2 Ra2+ 41. Kg3 Ra7 42. h3 Re7 43. Rd8 Rc7 44. Rd5 Rc6 45. Nd7 Rc8 46. Nc5 Rc6 47. Kf2 Rb6 48. Rd7 Rc6 49. Ne4 h5 50. Kg3 Kh6 51. Nd6 g5 52. Ne8 Re6 53. Ng7 h4+ 54. Kh2 Ra6 55. Rd6 Ra4 56. Ne8 e4 57. fxe4 Rxe4 58. Nxf6 Ra4 59. Ne4+ Kg7 60. Nxg5 1-0